<?xml version="1.0" encoding="UTF-8"?><?xml-stylesheet type="text/xsl" href="static/style.xsl"?><OAI-PMH xmlns="http://www.openarchives.org/OAI/2.0/" xmlns:xsi="http://www.w3.org/2001/XMLSchema-instance" xsi:schemaLocation="http://www.openarchives.org/OAI/2.0/ http://www.openarchives.org/OAI/2.0/OAI-PMH.xsd"><responseDate>2026-06-01T12:19:14Z</responseDate><request verb="GetRecord" identifier="oai:riuma.uma.es:10630/12728" metadataPrefix="marc">https://riuma.uma.es/rest/oai/request</request><GetRecord><record><header><identifier>oai:riuma.uma.es:10630/12728</identifier><datestamp>2026-02-03T10:26:28Z</datestamp><setSpec>com_10630_1685</setSpec><setSpec>col_10630_38055</setSpec></header><metadata><record xmlns="http://www.loc.gov/MARC21/slim" xmlns:dcterms="http://purl.org/dc/terms/" xmlns:doc="http://www.lyncode.com/xoai" xmlns:xsi="http://www.w3.org/2001/XMLSchema-instance" xsi:schemaLocation="http://www.loc.gov/MARC21/slim http://www.loc.gov/standards/marcxml/schema/MARC21slim.xsd">
   <leader>00925njm 22002777a 4500</leader>
   <datafield ind2=" " ind1=" " tag="042">
      <subfield code="a">dc</subfield>
   </datafield>
   <datafield ind2=" " ind1=" " tag="720">
      <subfield code="a">Yépez-Córdoba, Inés María</subfield>
      <subfield code="e">author</subfield>
   </datafield>
   <datafield ind2=" " ind1=" " tag="260">
      <subfield code="c">2017-01-20</subfield>
   </datafield>
   <datafield ind2=" " ind1=" " tag="520">
      <subfield code="a">Con este trabajo fin de grado se ha creado una plataforma cuya finalidad es facilitar el aprendizaje de diversos fenómenos físicos pertenecientes a los programas de asignaturas impartidas por el Departamento de Física Aplicada II, integrando diverso material docente y ayudando al profesorado en la gestión de la misma. La plataforma tiene una doble utilidad: por un lado para el alumno y de otro para los docentes.&#xd;
Para el alumno se ha diseñado de manera que sirva de apoyo al estudio de diferentes conceptos y experimentos realizados en el laboratorio de Física. Se han incluido experimentos de diversos fenómenos físicos que fueron realizados en proyectos anteriores y se han incluido enlaces que se mostrarán conforme a los distintos temas y que servirán para aclarar y reforzar conceptos. Además se proporciona la posibilidad de realizar cuestionarios de autoevaluación para que el alumno ponga a prueba sus conocimientos y conozca su evolución y nivel en los diferentes temas tratados.&#xd;
Para el profesorado, esta plataforma se ha diseñado buscando el facilitar la gestión de los alumnos en los distintos grupos, permitiendo cargar listas de clase desde los ficheros descargados del Campus Virtual de la UMA, que podrán ser editados y eliminados. Asimismo, se ha intentado facilitar la gestión de los cuestionarios, simplificando la creación y publicación de los mismos a través de temas y preguntas previamente creadas y almacenadas en la base de datos. Esta plataforma permite hacer un seguimiento de los alumnos, visualizando los cuestionarios realizados por cada uno de ellos junto con la calificación obtenida. Además da la posibilidad de añadir “profesores invitados” a participar en la plataforma y muestra estadísticas sobre la utilidad de los cuestionarios en base a la frecuencia de realización y promedio de calificación de cada uno de ellos.</subfield>
   </datafield>
   <datafield ind1="8" ind2=" " tag="024">
      <subfield code="a">http://hdl.handle.net/10630/12728</subfield>
   </datafield>
   <datafield tag="653" ind2=" " ind1=" ">
      <subfield code="a">Física - Experimentos - Enseñanza virtual</subfield>
   </datafield>
   <datafield tag="653" ind2=" " ind1=" ">
      <subfield code="a">Informática - Trabajos Fin de Grado</subfield>
   </datafield>
   <datafield tag="653" ind2=" " ind1=" ">
      <subfield code="a">Grado en Ingeniería del Software - Trabajos Fin de Grado</subfield>
   </datafield>
   <datafield ind2="0" ind1="0" tag="245">
      <subfield code="a">Plataforma para aprender fundamentos de física</subfield>
   </datafield>
</record>
</metadata></record></GetRecord></OAI-PMH>